| 000 | 00850nam a2200265 a 4500 | ||
|---|---|---|---|
| 001 | 56965 | ||
| 003 | BD-RjUL | ||
| 005 | 20211209080444.0 | ||
| 008 | 161205s1992 enka b 001 0 eng | ||
| 020 | _a012487410X | ||
| 035 | _a(BD-RjUL) 57089 | ||
| 040 |
_aDLC _cDLC _dBD-RjUL _beng |
||
| 041 | _aeng | ||
| 082 | 0 | 0 |
_a025.04 _223 _bMEX 1992 |
| 100 | 1 |
_aMeadow, Charles T. _9169293 |
|
| 245 | 1 | 0 |
_aText information retrieval systems / _cCharles T. Meadow. |
| 260 |
_aLondon : _bAcademic Press, _cc1992. |
||
| 300 |
_axix, 302 p. : _bill. ; _c24 cm. |
||
| 490 | 1 | _aLibrary and information science | |
| 504 | _aIncludes bibliographical references and index. | ||
| 650 | 0 |
_aInformation storage and retrieval systems. _9169294 |
|
| 830 | 0 |
_aLibrary and information science (New York, N.Y.) _9169299 |
|
| 942 |
_2ddc _cBK |
||
| 999 |
_c56965 _d56965 |
||